Survey on common swin disease in the farm at phnom srouch district, kampong speu province; ការអង្កេតជំងឺទូទៅចំពោះជ្រូកសាច់នៅកសិដ្ឋានក្នុងស្រុកភ្នំស្រួច ខេត្តកំពង់ស្ពឺ (Record no. 10864)

000 -LEADER
fixed length control field 00611nam a22001337a 4500
040 ## - CATALOGING SOURCE
Transcribing agency RUA
082 ## - DEWEY DECIMAL CLASSIFICATION NUMBER
Classification number VEM TRY 2015 B533 Or.1
100 ## - MAIN ENTRY--AUTHOR NAME
Personal name TRY SAN; ទ្រី សាន
245 ## - TITLE STATEMENT
Title Survey on common swin disease in the farm at phnom srouch district, kampong speu province; ការអង្កេតជំងឺទូទៅចំពោះជ្រូកសាច់នៅកសិដ្ឋានក្នុងស្រុកភ្នំស្រួច ខេត្តកំពង់ស្ពឺ
260 ## - PUBLICATION, DISTRIBUTION, ETC. (IMPRINT)
Place of publication PHNOM PENH
Name of publisher TRY
Year of publication 2015
300 ## - PHYSICAL DESCRIPTION
Number of Pages x;35p.
Other physical details ill.
Dimensions 29cm.
856 ## - ELECTRONIC LOCATION AND ACCESS
Uniform Resource Identifier TRY SAN
942 ## - ADDED ENTRY ELEMENTS (KOHA)
Koha item type VEM
952 ## - LOCATION AND ITEM INFORMATION (KOHA)
Withdrawn status [LOCAL, KOHA] 0
952 ## - LOCATION AND ITEM INFORMATION (KOHA)
Withdrawn status [LOCAL, KOHA] 0
952 ## - LOCATION AND ITEM INFORMATION (KOHA)
Withdrawn status [LOCAL, KOHA] 0
952 ## - LOCATION AND ITEM INFORMATION (KOHA)
Withdrawn status [LOCAL, KOHA] 0
952 ## - LOCATION AND ITEM INFORMATION (KOHA)
Withdrawn status [LOCAL, KOHA] 0
952 ## - LOCATION AND ITEM INFORMATION (KOHA)
Withdrawn status [LOCAL, KOHA] 0
952 ## - LOCATION AND ITEM INFORMATION (KOHA)
Withdrawn status [LOCAL, KOHA] 0
952 ## - LOCATION AND ITEM INFORMATION (KOHA)
Withdrawn status [LOCAL, KOHA] 0
Holdings
Permanent Location Date acquired Koha item type Lost status Shelving location Barcode Current Location Full call number
Library Block B2016-11-23VEM B533A03159Library Block BVEM TRY 2015 B533 Or.1
Library Block B2016-11-23VEM B533A04108Library Block BVEM TRY 2015 B533 Or.2
Library Block B2016-11-23VEM B533A03002Library Block BVEM TRY 2015 B533 Or.3
Library Block B2016-11-23VEM B533A04325Library Block BVEM TRY 2015 B533 Or.4
Library Block B2016-11-23VEM B533A04285Library Block BVEM TRY 2015 B533 Or.5
Library Block B2016-11-23VEM B533A03415Library Block BVEM TRY 2015 B533 Or.6
Library Block B2016-11-23VEM B533A04152Library Block BVEM TRY 2015 B533 Or.7
Library Block B2016-11-23VEM B533A04365Library Block BVEM TRY 2015 B533 Or.8
មជ្ឈមណ្ឌលឯការនៃសាកលវិទ្យាល័យភូមិន្ទកសិកម្មចំការដូង

Powered by Koha